[Event "Lloyds Bank Masters 1st"]
[Site "London"]
[Date "1977.08.28"]
[Round "4.25"]
[White "Patrick, David I"]
[Black "Harding, Timothy David"]
[Result "1-0"]
[WhiteElo "2290"]
[BlackElo "2250"]
[Annotator "Harding,T"]
[PlyCount "105"]
[EventDate "1977.08.26"]
[EventType "swiss"]
[EventRounds "10"]
[EventCountry "ENG"]
[SourceTitle "Tim Harding"]
[Source "Tim Harding"]
[SourceDate "2023.12.23"]
[SourceVersion "1"]
[SourceVersionDate "2023.12.23"]
[SourceQuality "1"]

1. e4 e6 2. d4 d5 3. Nc3 Nf6 4. Bg5 Bb4 5. e5 h6 6. Bd2 Bxc3 7. bxc3 Ne4 8. Qg4
g6 9. h4 c5 10. Bd3 Nxd2 11. Kxd2 Qa5 12. Rh3 Nc6 13. Bxg6 Nxd4 $3 {TN; the
tragedy of this game is that I lost after finding a huge improvement on
Bogoljubow's play at the board. At least I won two CC games with it many years
later.} (13... Rf8 $2 {defeatist} 14. Rf3 cxd4 (14... Nxd4 15. Rxf7 Rxf7 16.
Qh5 $1) 15. Bxf7+ Kd8 16. Qg7 dxc3+ 17. Ke1 Qb4 18. Bg6 Rxf3 19. Nxf3 Qf4 20.
Rd1 Rb8 21. Qf6+ $18 {Euwe-Bogoljubow, Budapest 1921}) (13... Rg8 $2 {loses to}
14. Bxf7+ Kxf7 15. Rf3+ {But my N on d4 covers f3 preventing this trick.}) 14.
Rg3 $5 (14. Bh7 Bd7 15. Ne2 O-O-O $13 {0-1,26 Schmidt,Hans-Harding, ICCF EU/M/
GT/360 corr 1992}) (14. Kd1 Rg8 15. Bxf7+ Kxf7 16. Qh5+ Ke7 17. cxd4 Rxg2 18.
Ne2 Bd7 $1 {Originally I had thought 18...Rxf2 (which my opponent perhaps
expected) but fortunately in 1984 CC-GM Dougie Bryson showed me that White can
reply 19 Rf3! and he suggested Bd7 instead.} 19. Rf3 $2 ({Stockfish shows that
White may be OK with} 19. Qf3) 19... Rag8 $19 {Granski,M-Harding, 5th European
Team Ch corr 1995; the move I played next was not in the engine's top three
but I won eventually.}) 14... Rf8 15. Bh7 Bd7 16. Qf4 O-O-O 17. Qxh6 Nb5 $6 {
Loses most of Black's advantage. There are several better moves.} (17... Bb5
$143 $17 {probably best}) 18. Ne2 Bc6 $6 {Too slow} (18... d4) (18... Nxc3) 19.
Ke1 d4 20. Kf1 Nxc3 (20... Rh8 $142) 21. Nxc3 dxc3 22. h5 $13 Qb4 23. Kg1 Qd4
$2 (23... Qh4 {is one of several better moves}) 24. Re1 (24. Qg7 $142) 24...
Qd2 25. Qe3 Qxe3 $4 {Terrible decision, finally spoiling the game} (25... Rh8
$15) 26. Rexe3 Rd1+ 27. Kh2 Rd2 28. h6 $1 Rxf2 29. Bg8 $1 $18 f5 30. exf6 R2xf6
$2 $138 (30... R8xf6 {but it is lost anyway}) 31. h7 Rh6+ 32. Rh3 Rff6 33. Rxe6
Rxh7 34. Rxh7 Rf2 35. Rg6 a5 (35... Be4 36. Be6+) 36. Rxc6+ bxc6 37. Bb3 c4 38.
Ba4 $18 c5 39. Ra7 Rf1 40. g4 Ra1 41. g5 Kb8 42. Rf7 Rb1 43. g6 Rb6 44. g7 Rh6+
45. Kg3 Rg6+ 46. Kf4 Rg1 47. Ke5 Rg6 $2 {No doubt time was very short or I
could have resigned.} 48. Rf8+ Kc7 49. g8=Q Rxg8 50. Rxg8 Kb6 51. Kd6 Ka6 52.
Kc6 Ka7 53. Kc7 1-0

[Event "Lloyds Bank Masters 1st"]
[Site "London"]
[Date "1977.08.29"]
[Round "5.1"]
[White "Formanek, Edward W"]
[Black "Quinteros, Miguel"]
[Result "1/2-1/2"]
[WhiteElo "2410"]
[BlackElo "2555"]
[PlyCount "76"]
[EventDate "1977.08.26"]
[EventType "swiss"]
[EventRounds "10"]
[EventCountry "ENG"]

1. e4 c5 2. Nf3 d6 3. d4 cxd4 4. Nxd4 Nf6 5. Nc3 a6 6. f4 Qc7 7. Bd3 Nbd7 8.
Nf3 b5 9. O-O Bb7 10. Qe1 e5 11. Kh1 g6 12. Qh4 Be7 13. fxe5 dxe5 14. Ng5 h6
15. Qh3 Kf8 16. Nd5 Bxd5 17. exd5 Kg7 18. Nxf7 Kxf7 19. Qe6+ Ke8 20. Bxg6+ Kd8
21. Be3 Nf8 22. Qf7 Qd6 23. b4 N6d7 24. Be4 Rc8 25. Bc5 Nxc5 26. bxc5 Rxc5 27.
Qg7 Rc4 28. Rae1 Rxe4 29. Rxe4 Ng6 30. Rg4 Rf8 31. Re1 Qf6 32. Qxf6 Rxf6 33. c4
bxc4 34. Rxc4 Kd7 35. g3 Rd6 36. Ra4 Bf6 37. Rb1 Ne7 38. Rb7+ Ke8 1/2-1/2

[Event "Lloyds Bank Masters 1st"]
[Site "London"]
[Date "1977.08.29"]
[Round "5.2"]
[White "Birnboim, Nathan"]
[Black "Hartston, William Roland"]
[Result "1/2-1/2"]
[WhiteElo "2440"]
[BlackElo "2475"]
[PlyCount "161"]
[EventDate "1977.08.26"]
[EventType "swiss"]
[EventRounds "10"]
[EventCountry "ENG"]

1. d4 Nf6 2. Nf3 g6 3. g3 Bg7 4. Bg2 O-O 5. O-O d5 6. c4 c6 7. cxd5 cxd5 8. Ne5
e6 9. Nd2 Nfd7 10. Nef3 Nc6 11. Nb3 a5 12. a4 Nf6 13. Nc5 b6 14. Nd3 Ne4 15.
Nde5 Nb4 16. Bf4 Ba6 17. Rc1 Rc8 18. Rxc8 Qxc8 19. Ne1 Qb7 20. f3 Nf6 21. N1d3
Nxd3 22. Nxd3 Nd7 23. Be3 Rc8 24. Bf2 Qc6 25. Nf4 Qc2 26. Bh3 Nf8 27. Qxc2 Rxc2
28. Rb1 g5 29. Nh5 Bxe2 30. Nxg7 Kxg7 31. Be3 h6 32. Bg2 Bd3 33. Rd1 Bc4 34. f4
gxf4 35. Bxf4 Rxb2 36. Be5+ f6 37. Bd6 b5 38. axb5 Rxb5 39. Re1 a4 40. Bh3 Rb6
41. Bc5 Ra6 42. Ba3 Rc6 43. Kf2 Bb3 44. Rc1 Rxc1 45. Bxc1 f5 46. Ke3 Kf6 47.
Bf1 Bc4 48. Bg2 Nd7 49. Bf3 Nb6 50. Bh5 Bb5 51. Kd2 Kg7 52. Kc3 Bd7 53. Kb4 Nc4
54. Bf4 Kh7 55. Be2 Nb6 56. Bd6 Kg6 57. Ka5 Nc8 58. Bf8 f4 59. gxf4 Kf7 60. Bc5
Ne7 61. Kb4 Kf6 62. Bd3 Ng6 63. Bxg6 Kxg6 64. h4 Kf5 65. Bf8 h5 66. Bh6 Ke4 67.
Kc3 Bb5 68. Kb4 Be8 69. Kc3 Bg6 70. Bg5 Be8 71. Bh6 a3 72. Kb3 Kxd4 73. Kxa3
Bg6 74. Kb2 Bf5 75. Kc1 Ke3 76. Bg5 d4 77. Bf6 d3 78. Bc3 Kxf4 79. Kd2 e5 80.
Bb4 e4 81. Bc5 1/2-1/2

[Event "Lloyds Bank Masters 1st"]
[Site "London"]
[Date "1977.08.29"]
[Round "5.3"]
[White "Nunn, John DM"]
[Black "Franklin, Michael J"]
[Result "1-0"]
[WhiteElo "2410"]
[BlackElo "2300"]
[PlyCount "83"]
[EventDate "1977.08.26"]
[EventType "swiss"]
[EventRounds "10"]
[EventCountry "ENG"]

1. e4 c5 2. Nf3 a6 3. c4 d6 4. d4 cxd4 5. Nxd4 Nf6 6. Nc3 b6 7. Bd3 Bb7 8. O-O
e6 9. b3 Nbd7 10. Qe2 Qc7 11. Bb2 Qc5 12. Rae1 Qh5 13. Qd2 g6 14. f4 Bh6 15.
Qf2 g5 16. Be2 g4 17. Qg3 Rg8 18. Bd1 Qc5 19. Na4 Qc7 20. e5 dxe5 21. fxe5 Ne4
22. Qh4 Rg6 23. Bxg4 Nxe5 24. Bh5 Bg5 25. Qh3 O-O-O 26. Bxg6 hxg6 27. Nxe6 fxe6
28. Qxe6+ Nd7 29. Rxe4 Bxe4 30. Qxe4 Qd6 31. Nc3 Rh8 32. h3 Rh4 33. Qe8+ Bd8
34. Rd1 Rd4 35. Rxd4 Qxd4+ 36. Kh1 Ne5 37. Qe6+ Kb8 38. Qd5 Qxd5 39. Nxd5 Nd3
40. Bd4 Kb7 41. Be3 Kc6 42. Nf4 1-0

[Event "Lloyds Bank Masters 1st"]
[Site "London"]
[Date "1977.08.29"]
[Round "5.4"]
[White "Torre, Eugenio"]
[Black "Speelman, Jonathan S"]
[Result "1/2-1/2"]
[WhiteElo "2550"]
[BlackElo "2395"]
[PlyCount "70"]
[EventDate "1977.08.26"]
[EventType "swiss"]
[EventRounds "10"]
[EventCountry "ENG"]

1. e4 c5 2. Nf3 Nc6 3. d4 cxd4 4. Nxd4 Nf6 5. Nc3 d6 6. Bg5 e6 7. Qd2 a6 8.
O-O-O Bd7 9. Qe1 h6 10. Bh4 Nxd4 11. Rxd4 Qb6 12. Qd1 Rc8 13. f4 g5 14. fxg5
hxg5 15. Bg3 g4 16. Rc4 Rxc4 17. Bxc4 Qe3+ 18. Kb1 Nxe4 19. Nxe4 Qxe4 20. Bb3
Qxg2 21. Re1 Qf3 22. Qd4 Rh5 23. Bxd6 Bxd6 24. Qxd6 g3 25. hxg3 Rh1 26. Qd2 Bc6
27. Rxh1 Qxh1+ 28. Qc1 Qe4 29. a3 a5 30. Qf4 Qxf4 31. gxf4 Ke7 32. Kc1 Kd6 33.
Kd2 Kc5 34. Kd3 a4 35. Ba2 Bd5 1/2-1/2

[Event "Lloyds Bank Masters 1st"]
[Site "London"]
[Date "1977.08.29"]
[Round "5.5"]
[White "Bellin, Robert"]
[Black "Pritchett, Craig William"]
[Result "1/2-1/2"]
[WhiteElo "2400"]
[BlackElo "2425"]
[PlyCount "50"]
[EventDate "1977.08.26"]
[EventType "swiss"]
[EventRounds "10"]
[EventCountry "ENG"]

1. d4 Nf6 2. Nc3 d5 3. Bg5 Nbd7 4. Nf3 e6 5. e4 h6 6. Bh4 dxe4 7. Nxe4 Be7 8.
Nxf6+ Bxf6 9. Bxf6 Qxf6 10. Qe2 O-O 11. O-O-O c5 12. g3 b6 13. Bg2 Bb7 14. Ne5
Bxg2 15. Nxd7 Qf5 16. Nxf8 Bxh1 17. Rxh1 Rxf8 18. Rd1 Rd8 19. dxc5 Rxd1+ 20.
Qxd1 Qxc5 21. Qf3 Qa5 22. Qa8+ Kh7 23. Qe4+ g6 24. a3 Qc5 25. Qe2 Qd5 1/2-1/2

[Event "Lloyds Bank Masters 1st"]
[Site "London"]
[Date "1977.08.29"]
[Round "5.6"]
[White "Crouch, Colin S"]
[Black "Large, Peter G"]
[Result "1/2-1/2"]
[WhiteElo "2300"]
[BlackElo "2280"]
[PlyCount "106"]
[EventDate "1977.08.26"]
[EventType "swiss"]
[EventRounds "10"]
[EventCountry "ENG"]

1. e4 c5 2. c3 d5 3. exd5 Qxd5 4. d4 Nc6 5. Be3 cxd4 6. cxd4 e6 7. Nc3 Bb4 8.
Nge2 Nf6 9. a3 Bxc3+ 10. Nxc3 Qd8 11. Bc4 Nd5 12. Bxd5 exd5 13. Qb3 Ne7 14. O-O
O-O 15. Rfe1 h6 16. Bf4 b6 17. Nb5 Be6 18. Nc7 Rc8 19. Rxe6 fxe6 20. Nxe6 Qd7
21. Nxf8 Rxf8 22. Be5 Qf5 23. f3 Rc8 24. Re1 Qc2 25. Qxc2 Rxc2 26. b4 Nf5 27.
g4 Nh4 28. Re3 Kf7 29. Bg3 Ng6 30. h4 Ne7 31. b5 Rb2 32. Rc3 Rxb5 33. Rc7 Ke6
34. Rxa7 g6 35. Bf4 Nc6 36. Ra4 h5 37. Be3 Rb2 38. Ra8 Na5 39. gxh5 gxh5 40.
Rh8 Nc4 41. Rh6+ Kf7 42. Bf2 Nd2 43. Kg2 Rb3 44. Rxh5 Rxf3 45. Rxd5 Rxa3 46.
Rd7+ Ke6 47. Rb7 Ne4 48. Rxb6+ Kd5 49. h5 Nxf2 50. Kxf2 Kxd4 51. Kg2 Ke5 52.
Rg6 Kf5 53. Rg8 Ra2+ 1/2-1/2

[Event "Lloyds Bank Masters 1st"]
[Site "London"]
[Date "1977.08.29"]
[Round "5.8"]
[White "Basman, Michael John"]
[Black "Bennett, Terry B"]
[Result "1/2-1/2"]
[WhiteElo "2390"]
[BlackElo "2265"]
[PlyCount "86"]
[EventDate "1977.08.26"]
[EventType "swiss"]
[EventRounds "10"]
[EventCountry "ENG"]

1. d4 e6 2. Nf3 d5 3. Bg5 Be7 4. Be3 b6 5. c3 Nf6 6. Nbd2 Nbd7 7. h3 Bd6 8. g4
Bb7 9. Bg2 O-O 10. Bg5 c5 11. e3 Re8 12. Qc2 Qc7 13. O-O-O a5 14. Bxf6 Nxf6 15.
g5 Nh5 16. Bf1 e5 17. Bb5 Re7 18. Rhg1 cxd4 19. cxd4 e4 20. Ne1 Bb4 21. Qxc7
Rxc7+ 22. Kb1 Rac8 23. Nb3 g6 24. a3 Bd6 25. Rc1 f5 26. gxf6 Nxf6 27. Rxc7 Rxc7
28. Nd2 Bc8 29. h4 Kg7 30. Be2 h6 31. f4 exf3 32. Ndxf3 Re7 33. Bd3 Ne4 34. Kc1
Bf5 35. Bc2 Kf6 36. Nd3 Ng3 37. Kd2 Bxd3 38. Bxd3 Ne4+ 39. Ke2 Ng3+ 40. Kd2
Ne4+ 41. Ke2 Ng3+ 42. Kd2 Nf5 43. h5 g5 1/2-1/2

[Event "Lloyds Bank Masters 1st"]
[Site "London"]
[Date "1977.08.29"]
[Round "5.9"]
[White "Law, Andrew P"]
[Black "Wicker, Kevin J"]
[Result "1/2-1/2"]
[WhiteElo "2400"]
[BlackElo "2310"]
[PlyCount "30"]
[EventDate "1977.08.26"]
[EventType "swiss"]
[EventRounds "10"]
[EventCountry "ENG"]

1. e4 e6 2. d4 d5 3. Nc3 Bb4 4. e5 Qd7 5. Bd2 b6 6. Nf3 Ne7 7. Bb5 c6 8. Bd3
Ba6 9. Qe2 Bxd3 10. Qxd3 Bxc3 11. Bxc3 Qb7 12. O-O Nd7 13. Bb4 c5 14. Ba3 Rc8
15. Rac1 b5 1/2-1/2

[Event "Lloyds Bank Masters 1st"]
[Site "London"]
[Date "1977.08.29"]
[Round "5.10"]
[White "Rayner, Emmanuel"]
[Black "Vranesic, Zvonko"]
[Result "1/2-1/2"]
[WhiteElo "2335"]
[BlackElo "2400"]
[PlyCount "81"]
[EventDate "1977.08.26"]
[EventType "swiss"]
[EventRounds "10"]
[EventCountry "ENG"]

1. e4 c5 2. Nf3 e6 3. d4 cxd4 4. Nxd4 Nc6 5. Nc3 d6 6. Be2 Nf6 7. O-O Be7 8.
Be3 a6 9. f4 Qc7 10. Kh1 O-O 11. Qe1 Nxd4 12. Bxd4 b5 13. e5 Nd7 14. Bd3 Bb7
15. Ne4 dxe5 16. fxe5 Nxe5 17. Qg3 f6 18. Nxf6+ Bxf6 19. Rxf6 Rxf6 20. Bxe5 Qe7
21. Bxf6 Qxf6 22. Rf1 Qe7 23. Re1 Bd5 24. Bxh7+ Kxh7 25. Qd3+ Kg8 26. Qxd5 Rd8
27. Qe4 Qf6 28. h3 Rd6 29. b3 Qf5 30. c4 Qxe4 31. Rxe4 Kf7 32. cxb5 axb5 33.
Re2 Kf6 34. Kg1 e5 35. Kf2 Rd3 36. Rc2 Kf5 37. Ke2 Ke4 38. Rc7 g5 39. Rg7 Rc3
40. Rxg5 Rc2+ 41. Kf1 1/2-1/2

[Event "Lloyds Bank Masters 1st"]
[Site "London"]
[Date "1977.08.29"]
[Round "5.11"]
[White "Webb, Simon"]
[Black "King, Daniel J"]
[Result "1-0"]
[WhiteElo "2430"]
[BlackElo "2105"]
[PlyCount "61"]
[EventDate "1977.08.26"]
[EventType "swiss"]
[EventRounds "10"]
[EventCountry "ENG"]

1. Nf3 d5 2. d4 Nf6 3. c4 c6 4. Nbd2 Bf5 5. g3 e6 6. Bg2 Bd6 7. O-O O-O 8. b3
Nbd7 9. Bb2 h6 10. Ne5 Qc7 11. Ndf3 Be4 12. Rc1 Bxf3 13. Nxf3 dxc4 14. Rxc4
Rad8 15. Qa1 Rfe8 16. Rd1 Rc8 17. Rc2 Qb8 18. Nd2 Rc7 19. e4 Bf8 20. Nc4 b5 21.
Ne3 Rec8 22. Re2 Qb6 23. Qb1 a5 24. a3 c5 25. e5 Ne8 26. d5 Ra7 27. dxe6 Qxe6
28. Bd5 Qe7 29. e6 fxe6 30. Nf5 Qd8 31. Nxh6+ 1-0

[Event "Lloyds Bank Masters 1st"]
[Site "London"]
[Date "1977.08.29"]
[Round "5.12"]
[White "Hodgson, Julian M"]
[Black "Waters, Peter John"]
[Result "0-1"]
[WhiteElo "2210"]
[BlackElo "2320"]
[PlyCount "124"]
[EventDate "1977.08.26"]
[EventType "swiss"]
[EventRounds "10"]
[EventCountry "ENG"]

1. e4 c5 2. f4 Nc6 3. Nf3 e6 4. Nc3 Nf6 5. Bb5 Nd4 6. e5 Nxb5 7. Nxb5 Nd5 8.
O-O a6 9. Nc3 Nxc3 10. dxc3 Be7 11. Ng5 b6 12. Qh5 g6 13. Qh6 Bf8 14. Qh3 Bb7
15. Nxh7 Bg7 16. f5 gxf5 17. Bf4 Qe7 18. Rae1 O-O-O 19. Bg5 Qe8 20. Bxd8 Qxd8
21. Rf4 Qc7 22. Rh4 Bxe5 23. Ng5 Rg8 24. Rh5 Bf6 25. Nf3 Qf4 26. Kh1 Rg6 27.
Rh7 Be4 28. Qh5 Kc7 29. Rd1 Bc6 30. Qh3 e5 31. a3 e4 32. Nh4 Rg4 33. Nxf5 Qxf5
34. Rxf7 Rf4 35. Qg3 Kb7 36. h3 Rf1+ 37. Rxf1 Qxf1+ 38. Kh2 e3 39. Rxf6 Qxf6
40. Qxe3 Qg6 41. Qd2 Kc7 42. Qe2 Qg5 43. Qf2 Qc1 44. h4 Qxb2 45. Qg3+ Kb7 46.
h5 Qxc2 47. h6 Be4 48. Qg7 Kc6 49. Kh3 Qd3+ 50. Kh4 d5 51. a4 Qf1 52. g4 b5 53.
axb5+ axb5 54. Kg5 Qc1+ 55. Kf6 Qxc3+ 56. Ke7 Qd3 57. Qf6+ Kb7 58. Kd7 d4 59.
Qf8 Bc6+ 60. Kd6 Qg3+ 61. Ke7 Qe5+ 62. Kd8 Qc7# 0-1

[Event "Lloyds Bank Masters 1st"]
[Site "London"]
[Date "1977.08.29"]
[Round "5.13"]
[White "Povah, Nigel Edward"]
[Black "Yeo, Michael J"]
[Result "0-1"]
[WhiteElo "2320"]
[BlackElo "2080"]
[PlyCount "82"]
[EventDate "1977.08.26"]
[EventType "swiss"]
[EventRounds "10"]
[EventCountry "ENG"]

1. e4 e5 2. Nf3 Nc6 3. Bb5 a6 4. Bxc6 dxc6 5. O-O f6 6. d4 exd4 7. Nxd4 c5 8.
Nb3 Qxd1 9. Rxd1 Bg4 10. f3 Be6 11. Be3 b6 12. a4 Bd6 13. a5 O-O-O 14. axb6
Bxb3 15. e5 Bxc2 16. Rd2 Bxb1 17. exd6 Rxd6 18. Rxd6 cxd6 19. Rxb1 Ne7 20. Rd1
Nf5 21. Bf2 Kb7 22. Rd5 g6 23. g4 Kc6 24. Rd3 Ne7 25. Bg3 Nd5 26. Ra3 Rb8 27.
Rxa6 Rxb6 28. Ra2 Rb3 29. Ra8 Nc7 30. Rd8 Nb5 31. Rc8+ Kd5 32. Rh8 Rxb2 33.
Rxh7 c4 34. Rh6 c3 35. Rxg6 Nd4 36. Kf1 Nxf3 37. Rxf6 c2 38. Bf4 Nxh2+ 39. Ke1
Nf3+ 40. Kf1 Rb1+ 41. Kg2 Ne5 0-1

[Event "Lloyds Bank Masters 1st"]
[Site "London"]
[Date "1977.08.29"]
[Round "5.15"]
[White "Baker, Chris W"]
[Black "Fuller, Maxwell L"]
[Result "1-0"]
[WhiteElo "2175"]
[BlackElo "2365"]
[PlyCount "65"]
[EventDate "1977.08.26"]
[EventType "swiss"]
[EventRounds "10"]
[EventCountry "ENG"]

1. e4 g6 2. d4 Bg7 3. Nc3 c6 4. Nf3 d5 5. h3 dxe4 6. Nxe4 Bf5 7. Ng3 Nf6 8.
Nxf5 gxf5 9. Bd3 Nbd7 10. c3 e6 11. Qe2 Qe7 12. Bg5 Nf8 13. O-O-O h6 14. Bd2
Ng6 15. g4 fxg4 16. hxg4 Nxg4 17. Bxg6 fxg6 18. Nh4 h5 19. Nxg6 Qf7 20. Nxh8
Bxh8 21. Rde1 Kd7 22. d5 exd5 23. Rxh5 Nf6 24. Re5 Ne4 25. Qg4+ Kc7 26. Rf5 Qd7
27. Qf4+ Nd6 28. Rf8 Rxf8 29. Qxf8 Qd8 30. Re7+ Kc8 31. Qxd8+ Kxd8 32. Bg5 Kc8
33. Bf4 1-0

[Event "Lloyds Bank Masters 1st"]
[Site "London"]
[Date "1977.08.29"]
[Round "5.19"]
[White "James, Geoffrey H"]
[Black "Stirling, William J"]
[Result "1-0"]
[WhiteElo "2230"]
[BlackElo "2130"]
[PlyCount "55"]
[EventDate "1977.08.26"]
[EventType "swiss"]
[EventRounds "10"]
[EventCountry "ENG"]

1. e4 c5 2. Nf3 e6 3. d4 cxd4 4. Nxd4 Nc6 5. Be3 Nf6 6. Bd3 Qc7 7. O-O Nxd4 8.
Bxd4 Bd6 9. h3 Be5 10. Bxe5 Qxe5 11. Nc3 b6 12. f4 Qc5+ 13. Kh2 Bb7 14. e5 Nd5
15. Ne4 Qc7 16. Nd6+ Ke7 17. Qh5 Raf8 18. Qh4+ Nf6 19. Ne4 Rhg8 20. exf6+ gxf6
21. Qxf6+ Ke8 22. Qe5 d6 23. Bb5+ Kd8 24. Rad1 Rxg2+ 25. Kxg2 Qxc2+ 26. Kf3 Rg8
27. Qxd6+ Kc8 28. Bd7+ {Source: GH James via Brian Denman, 23 September 2020}
1-0

[Event "Lloyds Bank Masters 1st"]
[Site "London"]
[Date "1977.08.29"]
[Round "5.20"]
[White "Emerson, Roger"]
[Black "Patrick, David I"]
[Result "0-1"]
[WhiteElo "2225"]
[BlackElo "2290"]
[PlyCount "68"]
[EventDate "1977.08.26"]
[EventType "swiss"]
[EventRounds "10"]
[EventCountry "ENG"]
[SourceTitle "Roger Emerson"]
[Source "BritBase"]
[SourceDate "2020.09.21"]
[SourceVersion "1"]
[SourceVersionDate "2020.09.21"]
[SourceQuality "1"]

1. e4 e5 2. Nf3 Nc6 3. Bb5 a6 4. Ba4 Nf6 5. O-O Be7 6. Bxc6 dxc6 7. Qe1 Nd7 8.
d4 exd4 9. Nxd4 O-O 10. Nc3 Ne5 11. Be3 Ng4 12. Rd1 Bd6 13. f4 Nxe3 14. Qxe3
Bc5 15. Kh1 Bg4 16. Rd3 Qe7 17. Qg3 f5 18. Re1 Rae8 19. h3 Bh5 20. e5 Bxd4 21.
Rxd4 Bf7 22. Red1 Be6 23. Nb1 $5 h6 {He offered a draw, which I should have
accepted.} 24. Nd2 ({I'd originally planned} 24. Qa3 {but after} Qxa3 25. Nxa3
g5 26. g3 gxf4 27. gxf4 Kf7 {Black is fine.}) 24... Kf7 25. Nf3 Rg8 26. h4 g6
27. Qh3 Rg7 28. h5 ({The start of a totally wrong plan. Much better is} 28.
R4d2 Kg8 29. a3 Bd5 $14) 28... g5 29. fxg5 $2 hxg5 30. h6 Rg6 31. Qh5 $2 Rh8
32. Rd7 Bxd7 33. e6+ Qxe6 34. Nxg5+ Kf6 {Source: Roger Emerson} 0-1

[Event "Lloyds Bank Masters 1st"]
[Site "London"]
[Date "1977.08.29"]
[Round "5.26"]
[White "Henshaw, John C"]
[Black "Pein, Malcolm"]
[Result "0-1"]
[WhiteElo "2170"]
[BlackElo "2105"]
[PlyCount "60"]
[EventDate "1977.08.26"]
[EventType "swiss"]
[EventRounds "10"]
[EventCountry "ENG"]

1. Nf3 g6 2. c4 Bg7 3. Nc3 e5 4. d4 exd4 5. Nxd4 d6 6. e4 Ne7 7. Be2 O-O 8. O-O
Nbc6 9. Be3 f5 10. f4 fxe4 11. Nxe4 Nf5 12. Nxf5 Bxf5 13. Nc3 Qd7 14. Kh1 Rae8
15. Bg1 h5 16. Qd2 h4 17. Bf3 Ne7 18. Bd4 h3 19. g3 Bg4 20. Bxg4 Qxg4 21. Bxg7
Kxg7 22. Qd3 Qd7 23. Nd5 Nxd5 24. cxd5 Qa4 25. Rfe1 Rxe1+ 26. Rxe1 Re8 27. Qc3+
Kg8 28. b3 Qb5 29. Rxe8+ Qxe8 30. Kg1 Qe2 0-1

[Event "Lloyds Bank Masters 1st"]
[Site "London"]
[Date "1977.08.29"]
[Round "5.30"]
[White "Watson, Ian R"]
[Black "Benjamin, Jonathan C"]
[Result "0-1"]
[WhiteElo "2210"]
[BlackElo "2135"]
[PlyCount "68"]
[EventDate "1977.08.26"]
[EventType "swiss"]
[EventRounds "10"]
[EventCountry "ENG"]

1. d4 Nf6 2. c4 g6 3. Nc3 Bg7 4. Nf3 O-O 5. Bg5 d6 6. e3 Nbd7 7. Bd3 c6 8. Qc2
e5 9. O-O h6 10. Bh4 Qe7 11. b4 Re8 12. Nd2 g5 13. Bg3 Nh5 14. Nb3 Nxg3 15.
hxg3 Nf6 16. Rab1 e4 17. Be2 Bg4 18. c5 d5 19. b5 Bxe2 20. Qxe2 a5 21. Na4 Qe6
22. Rb2 Ng4 23. Rfb1 f5 24. Nd2 f4 25. bxc6 bxc6 26. gxf4 gxf4 27. Rb7 Qg6 28.
Nf1 f3 29. Qd1 fxg2 30. Ng3 Rf8 31. R1b2 h5 32. Nb6 h4 33. Nxa8 hxg3 34. Kxg2
gxf2 0-1

[Event "Lloyds Bank Masters 1st"]
[Site "London"]
[Date "1977.08.29"]
[Round "5.32"]
[White "Harding, Timothy David"]
[Black "Mayers, Dan E"]
[Result "1/2-1/2"]
[WhiteElo "2250"]
[BlackElo "2110"]
[Annotator "Harding,T"]
[PlyCount "56"]
[EventDate "1977.08.26"]
[EventType "swiss"]
[EventRounds "10"]
[EventCountry "ENG"]
[SourceTitle "Tim Harding"]
[Source "Tim Harding"]
[SourceDate "2023.12.23"]
[SourceVersion "1"]
[SourceVersionDate "2023.12.23"]
[SourceQuality "1"]

1. c4 c5 2. Nc3 Nc6 3. g3 g6 4. Bg2 Bg7 5. a3 d6 6. Rb1 a5 7. d3 e5 8. Bd2 Nge7
9. Nf3 O-O 10. O-O Rb8 11. e4 Re8 12. Ng5 Bd7 13. Nb5 h6 14. Nf3 Be6 15. b3 f5
16. Ne1 Rf8 17. exf5 Nxf5 18. Nc2 Qd7 19. Qe2 Rbd8 20. Ne3 b6 21. Nc3 Rde8 22.
Ncd5 Bxd5 23. Bxd5+ Kh7 24. Qg4 Rd8 25. h4 Nce7 26. Bg2 h5 27. Qe2 d5 28. Rbd1
Qe6 {...Rest of scoresheet illegible; Britbase says the game was drawn.}
1/2-1/2

[Event "Lloyds Bank Masters 1st"]
[Site "London"]
[Date "1977.08.29"]
[Round "6.1"]
[White "Hartston, William Roland"]
[Black "Formanek, Edward W"]
[Result "1/2-1/2"]
[WhiteElo "2475"]
[BlackElo "2410"]
[PlyCount "24"]
[EventDate "1977.08.26"]
[EventType "swiss"]
[EventRounds "10"]
[EventCountry "ENG"]

1. d4 d5 2. c4 c6 3. Nf3 Nf6 4. Nc3 dxc4 5. a4 Bf5 6. e3 e6 7. Bxc4 Bb4 8. O-O
O-O 9. Bd2 c5 10. dxc5 Bxc5 11. a5 Nc6 12. Na4 Bd6 1/2-1/2

[Event "Lloyds Bank Masters 1st"]
[Site "London"]
[Date "1977.08.29"]
[Round "6.2"]
[White "Quinteros, Miguel"]
[Black "Kinlay, Jonathan"]
[Result "1-0"]
[WhiteElo "2555"]
[BlackElo "2275"]
[Annotator "Quinteros, Miguel"]
[PlyCount "47"]
[EventDate "1977.08.26"]
[EventType "swiss"]
[EventRounds "10"]
[EventCountry "ENG"]

1. Nf3 Nf6 2. g3 g6 3. d4 Bg7 4. c4 O-O 5. Bg2 d6 6. O-O Nbd7 7. Nc3 e5 8. e4
c6 9. b3 ({This unusual variation has the virtue of not entering lines that
are more popular, like} 9. h3 {or 9 Rb1, that lately have been practised a lot
and are well known by all different analysis. I believe, however, that 9 b3
has a special quality - that of SURPRISE!}) 9... exd4 10. Nxd4 Re8 11. h3 Nc5
12. Re1 d5 $2 ({My young opponent, before playing this last move, thought much
time about it and was tempted to refute 9 b3 over the board instead of
continung with} 12... a5 {, which is the regular move in this scheme. Kinlay
must have thought that if the centre disappeared, he would be able to achieve
equality, but in this situation the advantage goes to the one who takes the
initiative.}) 13. cxd5 cxd5 14. exd5 Rxe1+ 15. Qxe1 Nxd5 16. Nxd5 Bxd4 17. Be3
$1 {With this, White has the advantage.} Bxa1 ({If} 17... Nd3 18. Qf1 $1 Bxe3
19. Nxe3 {and White's maintain the initiative.}) 18. Qxa1 Nd7 19. Bd4 $1 {
Positionally won by White because his bishop controls this tremendous diagonal
that permits him to realise many combinations.} a5 20. Qc3 f6 21. Nc7 Rb8 22.
Bd5+ Kh8 23. Ne8 $1 Ne5 24. Nxf6 {Source: Quinteros notes in the bulletin;
CHESS, October 1977, Vol.43 Nos.779-780, p15} 1-0

[Event "Lloyds Bank Masters 1st"]
[Site "London"]
[Date "1977.08.29"]
[Round "6.3"]
[White "Speelman, Jonathan S"]
[Black "Nunn, John DM"]
[Result "1/2-1/2"]
[WhiteElo "2395"]
[BlackElo "2410"]
[PlyCount "22"]
[EventDate "1977.08.26"]
[EventType "swiss"]
[EventRounds "10"]
[EventCountry "ENG"]

1. e4 e5 2. Nf3 Nc6 3. Bb5 a6 4. Ba4 Nf6 5. d3 b5 6. Bb3 Be7 7. O-O O-O 8. a4
Bb7 9. Nc3 b4 10. Nd5 Na5 11. Nxe7+ Qxe7 1/2-1/2